Άλγεβρα των συνόλων συναρτήσεις παράγωγοι Κ.Σολδάτου, Ε.Πανά.
Αποθηκεύτηκε σε:
| Κύριοι συγγραφείς: | , |
|---|---|
| Μορφή: | Βιβλίο |
| Γλώσσα: | Greek |
| Δημοσίευση: |
Αθήναι :
Βιβλιοπωλείον Αναγέννησις,
1969.
|
| Σειρά: | Θεωρία και λελυμένα προβλήματα
|
| Θέματα: | |
| Ετικέτες: |
Προσθήκη ετικέτας
Δεν υπάρχουν, Καταχωρήστε ετικέτα πρώτοι!
|
MARC
| LEADER | 00000cam a2200000 a 4500 | ||
|---|---|---|---|
| 001 | 1/114771 | ||
| 008 | 170831s1969####gr | ||| |||| ||gre|| | ||
| 040 | |a GR-MyUa |b gre |c GR-MyUa |e AACR2 | ||
| 041 | 0 | |a gre | |
| 082 | 7 | |a 511.322 |2 (23) | |
| 100 | 1 | |a Σολδάτος, Κώστας Δ. | |
| 245 | 1 | 0 | |a Άλγεβρα των συνόλων συναρτήσεις παράγωγοι / |b Κ.Σολδάτου, Ε.Πανά. |
| 260 | |a Αθήναι : |b Βιβλιοπωλείον Αναγέννησις, |c 1969. | ||
| 300 | |a 119 σ. : |b πιν. ; |c 21 εκ. | ||
| 490 | 1 | |a (Θεωρία και λελυμένα προβλήματα) | |
| 500 | |a Σύνολα, συναρτήσεις, ακολουθίαι, όρια, παράγωγοι, γραφικαί παραστάσεις. | ||
| 500 | |a Διά τους υποψηφίους των Ανωτάτων σχολών. | ||
| 504 | |a Περιέχει βιβλιογραφικές αναφορές. | ||
| 650 | 0 | |a Set theory |x Study and teaching (Higher) | |
| 650 | 0 | |a Algebra. | |
| 700 | 1 | |a Πανάς, Επαμεινώνδας Ε. |e aut | |
| 830 | 0 | |a Θεωρία και λελυμένα προβλήματα | |
| 852 | |a INST |b SAMOS |e 20220908 |h 511.322 ΣΟΛ |p 005300046775 |q 005300046775 |t BK |y 0 | ||
| 852 | |a INST |b SAMOS |c MAG |e 20170831 |h 511.322 ΣΟΛ |p 005300034355 |q 005300034355 |t BK |y 0 | ||
| 970 | |a Φιλιππή |b Φάλη |z 31-08-2017 | ||